000 00702nam a2200253Ia 4500
003 OSt
005 20221005065822.0
006 a|||||r|||| 00| 0
007 ta
008 221004b |||||||| |||| 00| 0 eng d
024 _a42925
037 _cTextual
040 _aCRL
_cCRL
_beng
041 _2eng
_aeng
082 _aO142:gN7, 111M4
100 _aPankin Boris
_9605017
245 0 _aDemanding literature
_b Soviet literature of the 70s and early 80s
260 _aMoscow
_bRaduga
_c1984
300 _a360p
_ccm.
650 _a ENGLISH LITERATURE
650 _aRUSSIAN LITERATURE
942 _hO142:gN7, 111M4
_cTEXL
_2cc
999 _c975273
_d975273